[Event "Indywidualne Mistrzostwa Polski Juniorow do lat 18 - Chlopcy"]
[Site "Szklarska Poreba"]
[Date "1899-12-30"]
[Round "1.1"]
[White "Jarzebowski, Kacper"]
[Black "Kosakowski, Jakub"]
[Result "1/2-1/2"]
[WhiteTitle "I++"]
[BlackTitle "FM"]
[WhiteElo "2079"]
[BlackElo "2389"]

1. c4 Nf6 2. g3 e6 3. Bg2 d5 4. Nf3 Nbd7 5. cxd5 exd5 6. O-O Bd6 7. Nc3 O-O 8.
d3 c6 9. e4 dxe4 10. dxe4 Ne5 11. Nxe5 Bxe5 12. Be3 Qe7 13. f3 Be6 14. Qc2 Rfd8
15. Rad1 Qb4 16. Rxd8+ Rxd8 17. Rd1 Rxd1+ 18. Qxd1 h6 19. Qd8+ Kh7 20. Qd2 a6
21. a3 Qb3 22. Kf2 b5 23. h3 Bc4 24. f4 Bxc3 25. Qxc3 Qd1 26. g4 Qe2+ 27. Kg3
Bd3 28. Qd2 Qxd2 29. Bxd2 Bxe4 30. Bf1 Nd5 31. a4 Kg6 32. h4 f6 33. axb5 axb5
34. h5+ Kf7 35. g5 hxg5 36. fxg5 fxg5 37. Bxg5 Ke6 38. h6 gxh6 39. Bxh6 Ne7 40.
Kf4 Kd5 41. Bh3 c5 42. Ke3 Nc6 43. Bf8 Bh1 44. Bc8 Nd8 45. Be7 Nf7 46. b4 c4 47.
Bb7+ Ke6 48. Bxh1 Kxe7 49. Bc6 Nd6 50. Ke4 1/2-1/2

[Event "Indywidualne Mistrzostwa Polski Juniorow do lat 18 - Chlopcy"]
[Site "Szklarska Poreba"]
[Date "1899-12-30"]
[Round "1.2"]
[White "Kozak, Antoni"]
[Black "Golenia, Jan"]
[Result "1-0"]
[WhiteTitle "k"]
[BlackTitle "I++"]
[WhiteElo "2343"]
[BlackElo "2041"]

1. d4 d5 2. c4 c6 3. Nf3 Nf6 4. e3 a6 5. Bd3 Bg4 6. Nbd2 e6 7. b3 Nbd7 8. Bb2 Be7
9. Qc2 Bh5 10. O-O Qc7 11. Ne5 Nxe5 12. dxe5 dxc4 13. exf6 cxd3 14. fxg7 Rg8 15.
Qxd3 Bg6 16. e4 f6 17. Qh3 Rd8 18. Nc4 Bxe4 19. Bxf6 Bf5 20. Qh5+ Bg6 21. Qe2
Kf7 22. Be5 Bd6 23. Nxd6+ Rxd6 24. Rad1 Rgd8 25. Rxd6 Rxd6 26. Qf3+ 1-0

[Event "Indywidualne Mistrzostwa Polski Juniorow do lat 18 - Chlopcy"]
[Site "Szklarska Poreba"]
[Date "1899-12-30"]
[Round "1.3"]
[White "Woloch, Oskar"]
[Black "Oglaza, Oskar"]
[Result "1/2-1/2"]
[WhiteTitle "k"]
[BlackTitle "FM"]
[WhiteElo "2032"]
[BlackElo "2342"]

1. d4 Nf6 2. c4 c5 3. d5 b5 4. cxb5 a6 5. e3 g6 6. Nc3 Bg7 7. Nf3 O-O 8. Be2 d6
9. O-O axb5 10. Bxb5 Qa5 11. a4 Bb7 12. e4 Na6 13. Nd2 Rfb8 14. Nc4 Qd8 15. Be3
Nc7 16. Qe2 Ba6 17. Bxa6 Rxa6 18. f4 Qe8 19. Bf2 e6 20. dxe6 Nxe6 21. Qd2 Rd8
22. f5 Nd4 23. Bxd4 cxd4 24. Qxd4 d5 25. exd5 Nxd5 26. Qe4 Nxc3 27. Qxe8+ Rxe8
28. bxc3 Rc8 29. Rf4 Bxc3 30. Ra3 Bb4 31. Ra1 Bc3 32. Ra3 1/2-1/2

[Event "Indywidualne Mistrzostwa Polski Juniorow do lat 18 - Chlopcy"]
[Site "Szklarska Poreba"]
[Date "1899-12-30"]
[Round "1.4"]
[White "Fus, Jakub"]
[Black "Majocha, Piotr"]
[Result "1-0"]
[WhiteTitle "FM"]
[BlackTitle "I+"]
[WhiteElo "2339"]
[BlackElo "2028"]

1. d4 Nf6 2. c4 g6 3. Nc3 d5 4. Bf4 Bg7 5. e3 c6 6. Rc1 O-O 7. Nf3 h6 8. h3 Be6
9. c5 Nbd7 10. b4 g5 11. Bh2 Bf5 12. Bd3 Bxd3 13. Qxd3 a6 14. a4 e6 15. Bd6 Re8
16. O-O Bf8 17. Bh2 b5 18. Ra1 Bg7 19. Ne5 Nxe5 20. Bxe5 Nd7 21. Bxg7 Kxg7 22.
e4 Qf6 23. f4 gxf4 24. e5 Qg6 25. Qd2 Rg8 26. Rxf4 Kh7 27. Qf2 Rg7 28. axb5 cxb5
29. Nxb5 Rb8 30. Rg4 Qh5 31. Rxg7+ Kxg7 32. Nd6 Rxb4 33. c6 Nb6 34. Qf6+ Kg8 35.
Rxa6 1-0

[Event "Indywidualne Mistrzostwa Polski Juniorow do lat 18 - Chlopcy"]
[Site "Szklarska Poreba"]
[Date "1899-12-30"]
[Round "1.5"]
[White "Galuszka, Tomasz"]
[Black "Sernecki, Franciszek"]
[Result "1/2-1/2"]
[WhiteTitle "I++"]
[BlackTitle "I++"]
[WhiteElo "2016"]
[BlackElo "2334"]

1. e4 c5 2. Nf3 Nc6 3. d4 cxd4 4. Nxd4 e6 5. Nc3 a6 6. Be2 Qc7 7. Be3 Nf6 8. O-O
b5 9. Nxc6 dxc6 10. f4 Be7 11. e5 Nd5 12. Nxd5 exd5 13. c3 Bb7 14. Qe1 O-O 15.
Qg3 f5 16. a4 b4 17. Qf2 c5 18. cxb4 d4 19. Bd2 cxb4 20. Rfc1 Qd8 21. Bf3 Be4
22. Qe2 d3 23. Qe3 Qd5 24. Rc7 Bd8 25. Rc5 Qb7 26. a5 Be7 27. Rc4 Rfc8 28. Rac1
Rxc4 29. Rxc4 Rc8 30. Bxe4 fxe4 31. Rxc8+ Qxc8 32. Qxe4 1/2-1/2

[Event "Indywidualne Mistrzostwa Polski Juniorow do lat 18 - Chlopcy"]
[Site "Szklarska Poreba"]
[Date "1899-12-30"]
[Round "1.6"]
[White "Godzwon, Iwo"]
[Black "Hrymowicz, Artur"]
[Result "1-0"]
[WhiteTitle "FM"]
[BlackTitle "I++"]
[WhiteElo "2322"]
[BlackElo "1991"]

1. d4 Nf6 2. c4 b6 3. f3 Nc6 4. Nc3 e5 5. d5 Na5 6. e4 Nb7 7. Bd3 Bc5 8. Nge2 Qe7
9. a3 a5 10. Nb5 Qd8 11. Rb1 O-O 12. g4 c6 13. Nbc3 cxd5 14. cxd5 Be7 15. Ng3
Ne8 16. Be3 Bc5 17. Qd2 Bxe3 18. Qxe3 Ned6 19. Na4 b5 20. Nb6 Rb8 21. b4 axb4
22. axb4 Ne8 23. Nxc8 Qxc8 24. Bxb5 Nbd6 25. Be2 Nb5 26. Nf5 Qc2 27. Kf2 g6 28.
Qh6 1-0

[Event "Indywidualne Mistrzostwa Polski Juniorow do lat 18 - Chlopcy"]
[Site "Szklarska Poreba"]
[Date "1899-12-30"]
[Round "1.7"]
[White "Ochowicz, Jakub"]
[Black "Psyk, Radoslaw"]
[Result "0-1"]
[WhiteTitle "I++"]
[BlackTitle "k++"]
[WhiteElo "1988"]
[BlackElo "2315"]

1. e4 c5 2. Nf3 e6 3. d3 d5 4. Nbd2 Nc6 5. g3 Nf6 6. Bg2 Be7 7. O-O O-O 8. e5 Nd7
9. Re1 Qc7 10. Qe2 b5 11. Nf1 a5 12. Bf4 a4 13. h4 a3 14. b3 Bb7 15. h5 d4 16.
N1h2 Nb4 17. Ng4 Rac8 18. Qd2 Kh8 19. Re2 Qd8 20. Kh2 Bxf3 21. Bxf3 Nb6 22. Be4
c4 23. Bg5 c3 24. Bxe7 cxd2 25. Bxd8 Rfxd8 26. Rxd2 Rxc2 27. Rxc2 Nxc2 28. Rc1
Rc8 29. Bb7 Rc3 30. b4 Ne3 31. Rxc3 Nxg4+ 32. Kh3 dxc3 0-1

[Event "Indywidualne Mistrzostwa Polski Juniorow do lat 18 - Chlopcy"]
[Site "Szklarska Poreba"]
[Date "1899-12-30"]
[Round "1.8"]
[White "Chylewski, Patryk"]
[Black "Paliwoda, Borys"]
[Result "1-0"]
[WhiteTitle "FM"]
[BlackTitle "I+"]
[WhiteElo "2312"]
[BlackElo "1974"]

1. d4 d5 2. c4 dxc4 3. Nf3 Nf6 4. e3 a6 5. Bxc4 b5 6. Bd3 e6 7. O-O Bb7 8. a4 b4
9. Qe2 c5 10. dxc5 Bxc5 11. e4 Nbd7 12. Nbd2 O-O 13. Nc4 a5 14. e5 Bxf3 15. Qxf3
Nd5 16. Be4 N7b6 17. Nxb6 Qxb6 18. Qh3 g6 19. Bg5 Ra7 20. Rad1 Be7 21. Qh6 Bxg5
22. Qxg5 Qc5 23. Rd3 Rc7 24. Bxd5 exd5 25. Rfd1 Qc2 26. Rxd5 Qxb2 27. h4 Qe2 28.
Rd8 Rc8 29. R8d2 Qe4 30. h5 Qf5 31. Qxf5 gxf5 32. Rd5 b3 33. Rb1 Rb8 34. Rxa5
Rb4 35. Rb5 Rxa4 36. R1xb3 Rh4 37. Rg3+ Kh8 38. Rg5 Ra8 39. g3 Rg4 40. Rxf5 Kg8
41. Rb7 Rg7 42. Kg2 Rc8 43. Kh3 1-0

[Event "Indywidualne Mistrzostwa Polski Juniorow do lat 18 - Chlopcy"]
[Site "Szklarska Poreba"]
[Date "1899-12-30"]
[Round "1.9"]
[White "Dzwierzynski, Bartosz"]
[Black "Szpar, Milosz"]
[Result "1/2-1/2"]
[WhiteTitle "I"]
[BlackTitle "FM"]
[WhiteElo "1942"]
[BlackElo "2311"]

1. d4 Nf6 2. c4 e6 3. Nc3 Bb4 4. f3 c5 5. d5 d6 6. e4 b5 7. Bd3 exd5 8. cxd5 c4
9. Bc2 Ba5 10. Be3 O-O 11. a3 Re8 12. Nge2 Bb7 13. O-O a6 14. h3 Nbd7 15. f4 Bb6
16. Bxb6 Qxb6+ 17. Qd4 Qxd4+ 18. Nxd4 Nc5 19. Rfe1 g6 20. Rad1 Rac8 21. g4 h6
22. Nf3 Rcd8 23. Nd4 Kg7 24. Kf2 Rc8 25. Nf3 Red8 26. Kg3 Ba8 27. Nd4 Rb8 28.
Re2 Rb6 29. h4 h5 30. g5 Ng4 31. Rdd2 Re8 32. Re1 Bb7 33. Nf3 a5 34. e5 Bc8 35.
Ne4 Nxe4+ 36. Rxe4 Rd8 37. Re1 dxe5 38. fxe5 b4 39. axb4 Rxb4 40. Be4 Rb3 41.
Kf4 c3 1/2-1/2

[Event "Indywidualne Mistrzostwa Polski Juniorow do lat 18 - Chlopcy"]
[Site "Szklarska Poreba"]
[Date "1899-12-30"]
[Round "1.10"]
[White "Kowalski, Igor"]
[Black "Marczak, Szymon"]
[Result "1-0"]
[WhiteTitle "FM"]
[BlackTitle "I++"]
[WhiteElo "2308"]
[BlackElo "1931"]

1. d4 b6 2. e4 Bb7 3. Bd3 e6 4. Nf3 c5 5. c3 Nf6 6. Qe2 d5 7. e5 Nfd7 8. Be3 Be7
9. Nbd2 Nc6 10. O-O cxd4 11. cxd4 Nb4 12. Bb5 O-O 13. a3 Nc2 14. Rac1 Rc8 15.
Bf4 Rc7 16. Nb3 g5 17. Bg3 g4 18. Nfd2 Kh8 19. Bd3 Qc8 20. Qd1 Nxa3 21. bxa3 Bxa3
22. Rxc7 Qxc7 23. Qxg4 Rg8 24. Qh5 Rg7 25. Bf4 Qc3 26. Bb1 Ba6 27. Re1 Bc4 28.
Re3 Qb2 29. Rg3 Nf8 30. Rxg7 Kxg7 31. Bh6+ Kg8 32. Qg5+ Ng6 33. Qd8+ 1-0

[Event "Indywidualne Mistrzostwa Polski Juniorow do lat 18 - Chlopcy"]
[Site "Szklarska Poreba"]
[Date "1899-12-30"]
[Round "1.11"]
[White "Wierzbicki, Michal"]
[Black "Pacan-milej, Kosma"]
[Result "1-0"]
[WhiteTitle "I+"]
[BlackTitle "FM"]
[WhiteElo "1919"]
[BlackElo "2265"]

1. d4 Nf6 2. Nf3 b6 3. c4 Bb7 4. Nc3 d5 5. cxd5 Nxd5 6. Qc2 Nxc3 7. bxc3 g6 8.
e4 Bg7 9. Bc4 O-O 10. O-O Nd7 11. Bf4 Qc8 12. Rfe1 Nf6 13. h3 e6 14. Rad1 Rd8
15. Bg5 h6 16. Bxf6 Bxf6 17. Re3 Kg7 18. Qb3 c6 19. a4 Qc7 20. Nd2 a6 21. e5 Bg5
22. Re2 b5 23. Bd3 c5 24. axb5 axb5 25. Bxb5 Rab8 26. Qa4 Ba8 27. Ne4 Qb6 28.
Nxg5 hxg5 29. Rb2 cxd4 30. cxd4 Qb7 31. f3 Rd5 32. Rdb1 Qc7 33. Kh2 Qc3 34. Rb4
Qd2 35. Bf1 Rbd8 36. Rb8 Ra5 37. Qc4 Qf4+ 38. Kg1 Rxd4 39. Qc8 Qe3+ 40. Kh1 1-0

[Event "Indywidualne Mistrzostwa Polski Juniorow do lat 18 - Chlopcy"]
[Site "Szklarska Poreba"]
[Date "1899-12-30"]
[Round "1.12"]
[White "Nowak, Mikolaj"]
[Black "Posluszny, Tomasz"]
[Result "1-0"]
[WhiteTitle "I++"]
[BlackTitle "I+"]
[WhiteElo "2254"]
[BlackElo "1906"]

1. d4 Nf6 2. c4 e6 3. g3 Bb4+ 4. Nd2 O-O 5. Bg2 Re8 6. Ngf3 d6 7. O-O Bxd2 8. Qxd2
Nbd7 9. b4 Ne4 10. Qc2 d5 11. Ne5 f5 12. Bf4 g5 13. Bc1 c6 14. c5 h6 15. f3 Nef6
16. Bb2 Qe7 17. e4 Nxe5 18. dxe5 Nh5 19. Rae1 Ng7 20. Qc3 Kh7 21. Bh3 Qf7 22.
Rf2 Bd7 23. a4 Re7 24. exd5 exd5 25. f4 g4 26. Bf1 Ne6 27. Rb1 Qe8 28. Bd3 Rf7
29. Qc2 Kg6 30. h3 h5 31. hxg4 hxg4 32. Rh2 Nf8 33. Rh4 Rh7 34. Rxg4+ 1-0

[Event "Indywidualne Mistrzostwa Polski Juniorow do lat 18 - Chlopcy"]
[Site "Szklarska Poreba"]
[Date "1899-12-30"]
[Round "1.13"]
[White "Kawalko, Adam"]
[Black "Kokoszczynski, Jan"]
[Result "0-1"]
[WhiteTitle "I+"]
[BlackTitle "k"]
[WhiteElo "1876"]
[BlackElo "2239"]

1. e4 c5 2. Nf3 d6 3. d4 cxd4 4. Nxd4 Nf6 5. Nc3 a6 6. Be3 e5 7. Nb3 Be6 8. f3
h5 9. Qd2 Nbd7 10. O-O-O Be7 11. Kb1 b5 12. g3 O-O 13. Be2 Nb6 14. Bxb6 Qxb6 15.
Nd5 Bxd5 16. exd5 a5 17. Qd3 a4 18. Nd2 b4 19. h4 a3 20. b3 Rfc8 21. Nc4 Qf2 22.
g4 Rc5 23. Qe3 Qxe3 24. Nxe3 hxg4 25. fxg4 Ne4 26. Rde1 Nc3+ 27. Ka1 e4 28. g5
Nxd5 29. Nxd5 Rxd5 30. Bc4 Re5 31. g6 d5 32. gxf7+ Kxf7 33. Be2 Rc8 34. Kb1 Rc3
35. h5 Bg5 36. Rd1 Be3 37. Rh3 Ke7 38. Rg3 Bh6 39. Rg4 Re3 40. Rg2 Kd6 41. Rg6+
Kc5 42. Bg4 Rg5 43. Rxg5 Bxg5 44. Be6 d4 45. Bf7 Rh3 46. Bg6 Rh4 47. Re1 Bd2 0-1

[Event "Indywidualne Mistrzostwa Polski Juniorow do lat 18 - Chlopcy"]
[Site "Szklarska Poreba"]
[Date "1899-12-30"]
[Round "1.14"]
[White "Wyczling, Bartosz"]
[Black "Jordan, Adam"]
[Result "0-1"]
[WhiteTitle "k"]
[BlackTitle "I"]
[WhiteElo "2215"]
[BlackElo "1842"]

1. d4 Nf6 2. c4 e5 3. dxe5 Ng4 4. e4 Nxe5 5. f4 Nec6 6. Nc3 Bc5 7. Qh5 d6 8. Bd3
Nb4 9. Bb1 Be6 10. Qe2 N8c6 11. Nf3 Bg4 12. Be3 Nd4 13. Bxd4 Bxd4 14. h3 Bxf3
15. Qxf3 Qf6 16. a3 Bxc3+ 17. bxc3 Na6 18. O-O Nc5 19. e5 dxe5 20. Qd5 Qd6 21.
fxe5 Qe7 22. e6 Nxe6 23. Qxb7 O-O 24. Qe4 g6 25. Bc2 Qc5+ 26. Kh1 Rad8 27. Rf6
Rd2 28. Ba4 Qg5 29. Raf1 Nc5 30. Qf3 Rd3 31. Qc6 Qe5 32. R1f3 Rxc3 33. Rxc3 Qxc3
34. Qxc5 Qxf6 35. Qxc7 Qa6 36. Bd7 Qb6 37. Qe5 Qb1+ 38. Kh2 Qb8 39. Qxb8 Rxb8
40. Kg3 Rb3+ 41. Kf4 Rxa3 42. Ke5 Rc3 43. Kd4 Rc1 44. Ba4 Kf8 45. Kd5 Ke7 46.
c5 Kd8 47. Kd6 f5 48. Bb3 h6 49. Be6 a5 50. Bb3 g5 51. Kc6 f4 52. Kd6 h5 53. Bf7
a4 54. Bxh5 a3 55. Bf7 Rd1+ 56. Ke5 Rd2 57. Kf5 Rxg2 0-1

[Event "Indywidualne Mistrzostwa Polski Juniorow do lat 18 - Chlopcy"]
[Site "Szklarska Poreba"]
[Date "1899-12-30"]
[Round "1.15"]
[White "Niemier, Hubert"]
[Black "Leskiewicz, Ignacy"]
[Result "0-1"]
[WhiteTitle "I"]
[BlackTitle "I++"]
[WhiteElo "1801"]
[BlackElo "2192"]

1. d4 Nf6 2. c4 g6 3. Nc3 Bg7 4. e4 d6 5. Bd3 O-O 6. Nge2 a6 7. O-O Nbd7 8. Rb1
c5 9. d5 Ne5 10. f4 Nxd3 11. Qxd3 b5 12. b3 b4 13. Nd1 Nxe4 14. Qf3 f5 15. Nf2
Qa5 16. Nxe4 fxe4 17. Qe3 Qxa2 18. Bd2 a5 19. Rbd1 Qc2 20. Rc1 Qd3 21. Qxd3 exd3
22. Ng3 Bd4+ 23. Kh1 a4 0-1

[Event "Indywidualne Mistrzostwa Polski Juniorow do lat 18 - Chlopcy"]
[Site "Szklarska Poreba"]
[Date "1899-12-30"]
[Round "1.16"]
[White "Brozyna, Mateusz"]
[Black "Kaminski, Maciej"]
[Result "1-0"]
[WhiteTitle "k"]
[BlackTitle "I++"]
[WhiteElo "2180"]
[BlackElo "1796"]

1. e4 c5 2. Nf3 d6 3. d4 cxd4 4. Nxd4 Nf6 5. Nc3 Nc6 6. Bg5 e6 7. Qd3 a6 8. O-O-O
Bd7 9. Be2 Rc8 10. Rhe1 Qa5 11. Bxf6 Nb4 12. Qe3 gxf6 13. a3 Nc6 14. Nb3 Qc7 15.
f4 Bh6 16. Rf1 Ne5 17. Qh3 Nc4 18. Bxc4 Bxf4+ 19. Rxf4 e5 20. Bxf7+ Kxf7 21. Qh5+
Kg7 22. Rxf6 Be8 23. Qh6+ 1-0

[Event "Indywidualne Mistrzostwa Polski Juniorow do lat 18 - Chlopcy"]
[Site "Szklarska Poreba"]
[Date "1899-12-30"]
[Round "1.17"]
[White "Kukula, Karol"]
[Black "Pytel, Maciej"]
[Result "0-1"]
[WhiteTitle "I"]
[BlackTitle "k"]
[WhiteElo "1785"]
[BlackElo "2165"]

1. e4 c5 2. Nf3 e6 3. d4 cxd4 4. Nxd4 Nc6 5. Nc3 Qc7 6. g3 a6 7. Bg2 Nf6 8. O-O
h5 9. h4 Ng4 10. Nxc6 dxc6 11. Qe2 Bc5 12. Bf4 e5 13. Bd2 Be6 14. Kh1 O-O-O 15.
Rae1 f6 16. f3 Nh6 17. Be3 Bxe3 18. Qxe3 Kb8 19. Rd1 Rxd1 20. Rxd1 Nf7 21. Na4
Rd8 22. Rxd8+ Qxd8 23. Nc3 g5 24. Qf2 Nh8 25. f4 exf4 26. gxf4 g4 27. f5 Bc8 28.
Qf4+ Ka8 29. Qh6 Nf7 30. Qxh5 Ne5 31. Qh6 b5 32. a3 a5 33. Qe3 Qh8 34. Qg3 Qh6
35. Kh2 Qd2 36. Kh1 Qc1+ 37. Kh2 Qd2 38. Kh1 b4 39. axb4 axb4 40. Na2 Ba6 41.
Qb3 Qe1+ 42. Kh2 Qxh4+ 43. Kg1 Qe1+ 44. Kh2 Qf2 45. Kh1 Qh4+ 46. Kg1 g3 47. Qg8+
Ka7 48. Qg7+ Kb6 0-1

[Event "Indywidualne Mistrzostwa Polski Juniorow do lat 18 - Chlopcy"]
[Site "Szklarska Poreba"]
[Date "1899-12-30"]
[Round "1.18"]
[White "Raczynski, Krzysztof"]
[Black "Goreczny, Tomasz"]
[Result "1-0"]
[WhiteTitle "k+"]
[BlackTitle "I"]
[WhiteElo "2157"]
[BlackElo "1784"]

1. e4 e6 2. d4 d5 3. Nd2 dxe4 4. Nxe4 Nf6 5. Bg5 Be7 6. Bxf6 Bxf6 7. Nf3 Bd7 8.
Bd3 Bc6 9. c3 Bxe4 10. Bxe4 c6 11. Qe2 Qa5 12. O-O Nd7 13. b4 Qh5 14. Rab1 a6
15. a4 O-O 16. b5 axb5 17. axb5 Rfc8 18. bxc6 bxc6 19. Rb7 Nf8 20. g3 Ra3 21.
c4 g5 22. Re1 Ng6 23. d5 cxd5 24. cxd5 g4 25. dxe6 gxf3 26. exf7+ Kg7 27. Bxg6
Qxh2+ 28. Kxh2 fxe2 29. Rxe2 Rf8 30. Bh5 Ra5 31. g4 Bd4 32. Kg2 Bc5 33. Re5 Bb4
34. f4 Bd2 35. Rxa5 Bxa5 36. Rb5 Bd8 37. Kf3 h6 38. Ke4 Be7 39. Rb7 Ba3 40. Ra7
Bc5 41. Ra6 Be7 42. Kf5 Bb4 43. Rb6 Bc5 44. Re6 Bb4 45. Re8 Ba3 46. Ke6 Bc1 47.
f5 Bb2 48. Bg6 Ba3 49. Bh5 Bb2 50. g5 hxg5 51. f6+ Bxf6 52. Rxf8 Kxf8 53. Kxf6
g4 54. Kg6 1-0

[Event "Indywidualne Mistrzostwa Polski Juniorow do lat 18 - Chlopcy"]
[Site "Szklarska Poreba"]
[Date "1899-12-30"]
[Round "1.19"]
[White "Szydelko, Michal"]
[Black "Lis, Mateusz"]
[Result "1-0"]
[WhiteTitle "I"]
[BlackTitle "k"]
[WhiteElo "1764"]
[BlackElo "2156"]

1. e4 c5 2. c3 Nf6 3. e5 Nd5 4. Nf3 Nc6 5. Bc4 e6 6. O-O Be7 7. d4 cxd4 8. cxd4
d6 9. exd6 Qxd6 10. Nc3 Nxc3 11. bxc3 a6 12. Be3 O-O 13. Qd2 Bf6 14. Rad1 b5 15.
Be2 Bb7 16. Bg5 Qe7 17. Qe3 Rac8 18. Rc1 Bxg5 19. Nxg5 Na5 20. Nf3 Rc7 21. Ne5
Rfc8 22. Bd3 f6 23. Nf3 Nc4 24. Bxc4 Rxc4 25. Nd2 R4c7 26. Rfe1 Bd5 27. Nb3 Rc6
28. Nc5 Qf7 29. a3 Qg6 30. f3 h5 31. Kf2 Qf7 32. Kg1 Qc7 33. Qd3 h4 34. h3 Qg3
35. Qe3 a5 36. a4 Bc4 37. axb5 Rb6 38. Rb1 Qd6 39. Qe4 Rcb8 40. Qxh4 Rxb5 41.
Rxb5 Rxb5 42. Qg4 e5 43. Ne4 Qe6 44. Nxf6+ Qxf6 45. Qc8+ Kh7 46. Qxc4 Qh4 47.
Qd3+ 1-0

[Event "Indywidualne Mistrzostwa Polski Juniorow do lat 18 - Chlopcy"]
[Site "Szklarska Poreba"]
[Date "1899-12-30"]
[Round "1.20"]
[White "Lukasiewicz, Krzysztof"]
[Black "Iwanczuk, Krzysztof"]
[Result "1-0"]
[WhiteTitle "k"]
[BlackTitle "I"]
[WhiteElo "2155"]
[BlackElo "1749"]

1. e4 c5 2. Nf3 d6 3. d4 cxd4 4. Nxd4 Nf6 5. Nc3 a6 6. Be2 e5 7. Nf3 Be7 8. Bg5
Nbd7 9. a4 h6 10. Bxf6 Nxf6 11. Nd2 Be6 12. O-O Rc8 13. Re1 d5 14. exd5 Nxd5 15.
Nxd5 Bxd5 16. Bg4 Rc7 17. Rxe5 O-O 18. c3 Bf6 19. Re1 b5 20. axb5 axb5 21. Ne4
Bxe4 22. Rxe4 Qxd1+ 23. Bxd1 Rd8 24. Rb4 Rc5 25. Be2 Rdd5 26. Kf1 Bd8 27. Ra8
Kh7 28. Rb8 Bc7 29. R8xb5 Rxb5 30. Rxb5 Rxb5 31. Bxb5 Kg6 32. Be8 Kf6 33. h3 Ke7
34. Ba4 Kd6 35. Ke2 Bb6 36. b4 g5 37. c4 Bd4 38. c5+ Kd5 39. Kd3 Bxf2 40. Bb3+
Kc6 41. Kc4 f5 42. Bc2 g4 43. Bxf5 gxh3 44. Bxh3 h5 45. b5+ Kb7 46. Bf5 Bg3 47.
Be4+ Kb8 48. b6 h4 49. Bf5 Bf2 50. Kb5 Be3 51. c6 Bf4 52. c7+ Bxc7 53. bxc7+ Kxc7
54. Kc5 1-0

[Event "Indywidualne Mistrzostwa Polski Juniorow do lat 18 - Chlopcy"]
[Site "Szklarska Poreba"]
[Date "1899-12-30"]
[Round "1.21"]
[White "Kukorowski, Jan"]
[Black "Garbowski, Jakub"]
[Result "1/2-1/2"]
[WhiteTitle "I+"]
[BlackTitle "k"]
[WhiteElo "1719"]
[BlackElo "2151"]

1. e4 e5 2. Nf3 Nc6 3. Bc4 Nf6 4. d3 Bc5 5. c3 d6 6. O-O Bb6 7. Nbd2 O-O 8. h3
Ne7 9. Re1 Ng6 10. Nf1 c6 11. d4 exd4 12. cxd4 d5 13. exd5 Nxd5 14. Qb3 Bc7 15.
Bxd5 cxd5 16. Bd2 b6 17. Bb4 Bd6 18. Bxd6 Qxd6 19. Ne5 Be6 20. Nxg6 hxg6 21. Re5
Rac8 22. Nd2 f6 23. Re3 Bf7 24. Rae1 Rc7 25. Rc3 Rfc8 26. Rec1 g5 27. Nf1 Rxc3
28. Rxc3 Re8 29. Ne3 Qf4 30. Qd1 Re4 31. Rc8+ Kh7 32. Nxd5 Rxd4 33. Qc2+ Qe4 34.
Qxe4+ Rxe4 35. Nc3 Re7 36. Rd8 Kg6 37. f3 Re1+ 38. Kf2 Rc1 39. Rd2 Be6 40. Ne2
Ra1 41. a3 Kf7 42. Nd4 Rc1 43. Nxe6 1/2-1/2

[Event "Indywidualne Mistrzostwa Polski Juniorow do lat 18 - Chlopcy"]
[Site "Szklarska Poreba"]
[Date "1899-12-30"]
[Round "1.22"]
[White "Polczyk, Mikolaj"]
[Black "Burzak, Wojciech"]
[Result "1/2-1/2"]
[WhiteTitle "k"]
[BlackTitle "I"]
[WhiteElo "2131"]
[BlackElo "1666"]

1. d4 d5 2. c4 Nc6 3. Nc3 dxc4 4. Nf3 Nf6 5. d5 Na5 6. Qa4+ c6 7. b4 b5 8. Qxa5
Qxa5 9. bxa5 b4 10. Nd1 cxd5 11. g3 e6 12. Bg2 Bd6 13. Bf4 Bxf4 14. gxf4 Bd7 15.
Nd4 Rb8 16. Rb1 O-O 17. Nc2 Rb5 18. Rxb4 Rxb4 19. Nxb4 Rb8 20. a3 Rb5 21. Nc3
Rxa5 22. Nc2 Ba4 23. Nxa4 Rxa4 24. Kd2 Nd7 25. Rb1 g6 26. Rb4 Ra5 27. e4 Nb6 28.
Kc3 dxe4 29. Bxe4 Rh5 30. Ne3 Rxh2 31. Nxc4 Nxc4 32. Rxc4 Rxf2 33. Bc6 h5 34.
Kd3 h4 35. Ke3 Ra2 36. Rc3 Kg7 37. Kf3 f5 38. Re3 Kf6 39. Bd7 h3 40. Kg3 h2 41.
Rxe6+ Kf7 42. Re1 Rxa3+ 43. Kxh2 1/2-1/2

[Event "Indywidualne Mistrzostwa Polski Juniorow do lat 18 - Chlopcy"]
[Site "Szklarska Poreba"]
[Date "1899-12-30"]
[Round "2.1"]
[White "Leskiewicz, Ignacy"]
[Black "Kozak, Antoni"]
[Result "0-1"]
[WhiteTitle "I++"]
[BlackTitle "k"]
[WhiteElo "2192"]
[BlackElo "2343"]

1. e4 c5 2. Nf3 e6 3. d4 cxd4 4. Nxd4 Nc6 5. Nc3 d6 6. Be3 Nf6 7. f3 Be7 8. Qd2
a6 9. g4 O-O 10. O-O-O Nxd4 11. Qxd4 Qa5 12. g5 Nd7 13. f4 b5 14. Kb1 Bb7 15.
f5 b4 16. fxe6 fxe6 17. Ne2 Nc5 18. Ng3 d5 19. Qe5 Rad8 20. Bxc5 Qxc5 21. Qxe6+
Kh8 22. Bd3 d4 23. Rhf1 Bxg5 24. Rxf8+ Rxf8 25. Nf5 Bc8 26. Qc4 Qxc4 27. Bxc4
Bf4 28. h3 g6 29. Nxd4 Bxh3 30. Bxa6 Re8 31. Bd3 Bg2 32. Nc6 h5 33. Nxb4 h4 34.
Nd5 Bg5 35. b4 h3 36. Bf1 Rf8 37. b5 Bxf1 38. Nc7 h2 39. Ne6 h1=Q 40. Nxf8 Qf3
0-1

[Event "Indywidualne Mistrzostwa Polski Juniorow do lat 18 - Chlopcy"]
[Site "Szklarska Poreba"]
[Date "1899-12-30"]
[Round "2.2"]
[White "Brozyna, Mateusz"]
[Black "Fus, Jakub"]
[Result "1/2-1/2"]
[WhiteTitle "k"]
[BlackTitle "FM"]
[WhiteElo "2180"]
[BlackElo "2339"]

1. e4 e5 2. Nf3 Nc6 3. Bc4 Bc5 4. d3 Nf6 5. Bb3 d6 6. c3 a6 7. Nbd2 O-O 8. h3 Be6
9. Nf1 h6 10. Ng3 d5 11. d4 exd4 12. e5 Ne4 13. cxd4 Bb4+ 14. Kf1 Nxg3+ 15. fxg3
f6 16. Kg1 Bf5 17. Kh2 Be4 18. Rf1 fxe5 19. dxe5 Qd7 20. Bd2 Bxd2 21. Qxd2 Rad8
22. Rae1 Kh8 23. Ba4 Rfe8 24. Bxc6 Qxc6 25. Rc1 Qd7 26. Qc3 Rc8 27. Nd2 Qe7 28.
Nxe4 dxe4 29. Rf5 Qe6 30. Rcf1 Qd5 31. R1f4 Kh7 32. e6 Qxe6 33. Rf7 Qe5 34. Rg4
Qxc3 35. bxc3 Rg8 36. Rxe4 b5 37. Ree7 c5 38. Ra7 Rc6 39. Rfc7 Rxc7 40. Rxc7 Rd8
41. Rxc5 Rd2 42. a4 bxa4 43. Ra5 Rc2 44. Rxa4 Rxc3 45. Rxa6 h5 46. Ra4 Kh6 47.
g4 hxg4 48. Rxg4 1/2-1/2

[Event "Indywidualne Mistrzostwa Polski Juniorow do lat 18 - Chlopcy"]
[Site "Szklarska Poreba"]
[Date "1899-12-30"]
[Round "2.3"]
[White "Pytel, Maciej"]
[Black "Godzwon, Iwo"]
[Result "0-1"]
[WhiteTitle "k"]
[BlackTitle "FM"]
[WhiteElo "2165"]
[BlackElo "2322"]

1. e4 c5 2. Nc3 e6 3. g3 Nc6 4. Bg2 g6 5. d3 Bg7 6. Be3 d6 7. Qd2 Bd7 8. Nge2 Nd4
9. O-O Ne7 10. Nd1 O-O 11. c3 Nxe2+ 12. Qxe2 Bc6 13. f4 b5 14. d4 cxd4 15. cxd4
Qd7 16. Nf2 f5 17. e5 Bxg2 18. Kxg2 Rfc8 19. Rfc1 Nd5 20. Bd2 dxe5 21. dxe5 Bf8
22. Nd3 Rc4 23. b3 Re4 24. Qf3 Rd4 25. Kg1 Nb6 0-1

[Event "Indywidualne Mistrzostwa Polski Juniorow do lat 18 - Chlopcy"]
[Site "Szklarska Poreba"]
[Date "1899-12-30"]
[Round "2.4"]
[White "Psyk, Radoslaw"]
[Black "Raczynski, Krzysztof"]
[Result "1-0"]
[WhiteTitle "k++"]
[BlackTitle "k+"]
[WhiteElo "2315"]
[BlackElo "2157"]

1. e4 c5 2. Nf3 d6 3. Bb5+ Bd7 4. Bxd7+ Qxd7 5. c4 Nf6 6. Nc3 Nc6 7. d4 cxd4 8.
Nxd4 g6 9. b3 Bg7 10. Bb2 O-O 11. O-O e6 12. Re1 Rfe8 13. Nxc6 Qxc6 14. Qd2 Red8
15. Rad1 Rd7 16. Qe3 a6 17. Qf3 Ne8 18. Na4 b5 19. Bxg7 Kxg7 20. Nb2 Rad8 21.
Rc1 Qb6 22. Rc2 Rc7 23. Rec1 Rdc8 24. Qd3 Kf8 25. h3 Ke7 26. Rd1 Nf6 27. Rcd2
Ne8 28. Qg3 h5 29. Kh1 Qc6 30. Re2 Rd7 31. f4 Kf8 32. f5 Kg7 33. fxe6 fxe6 34.
Nd3 e5 35. Nb4 Qb7 36. Nd5 Rf7 37. cxb5 axb5 38. Rf2 Rd8 39. Rdf1 Rdd7 40. a4
bxa4 41. bxa4 Qa6 42. Rxf7+ Rxf7 43. Rxf7+ Kxf7 44. Qg5 Qxa4 45. Qe7+ Kg8 46.
Kh2 Qb5 47. Qg5 Kf7 48. Nf4 Qd7 49. Qxg6+ Kf8 50. Qh6+ Kg8 51. Nxh5 Qf7 52. h4
Qe7 53. Qg6+ Kf8 54. Kh3 Qf7 55. Qh6+ Kg8 56. Kg4 d5 57. exd5 Qxd5 58. Qg6+ Kf8
59. Qxe8+ 1-0